| 000 | 00444pab a2200169 454500 | ||
|---|---|---|---|
| 008 | 180718b2009 xxu||||| |||| 00| 0 eng d | ||
| 100 | _aJohn, Mary E. | ||
| 245 | _aReframing globalisation: perspectives from the women's movement | ||
| 260 | _c2009 | ||
| 300 | _ap.46-49. | ||
| 362 | _a7 Mar | ||
| 650 | _aGlobalization | ||
| 650 | _aWomens liberation movement | ||
| 773 | _aEconomic and Political Weekly | ||
| 908 | _aN | ||
| 909 | _a81652 | ||
| 999 |
_c81652 _d81652 |
||